[Event "Titled Tuesday intern op 22nd Dec"]
[White "Lovkov, Roman"]
[Black "Kesgin, Halit Kaan"]
[Site "Chess.com INT"]
[Round "11"]
[Result "1-0"]
[Date "2020.12.22"]
[WhiteElo "2419"]
[BlackElo "2110"]
[PlyCount "127"]
[EventDate "2020.12.22"]
[EventType "swiss (blitz)"]
[EventRounds "11"]
[EventCountry "USA"]
[SourceTitle "CBM 199 Extra"]
[Source "ChessBase"]
[SourceDate "2021.01.31"]
[SourceVersion "1"]
[SourceVersionDate "2021.01.31"]
[SourceQuality "1"]

1. e4 c5 2. c3 d5 3. exd5 Qxd5 4. Nf3 Nc6 5. d4 Bg4 6. Be2 e6 7. 0-0 Nf6 8. h3 Bh5 9. Be3 cxd4 10. cxd4 Be7 11. Nc3 Qd6 12. Qb3 0-0 13. Rfd1 Rfd8 14. a3 a6 15. Rac1 h6 16. g4 Bg6 17. Ne5 Nxe5 18. dxe5 Qxe5 19. Qxb7 Bd6 20. Qg2 Rac8 21. Bxa6 Rb8 22. b4 Nd5 23. Nxd5 exd5 24. Bd3 f5 25. Bxf5 Bxf5 26. gxf5 Qxf5 27. Rd4 Kh7 28. Rcd1 Rb5 29. Qg4 Qf6 30. Qe2 Rbb8 31. Rxd5 Qe6 32. Qg4 Qe7 33. Kg2 Qb7 34. Qe4+ Kh8 35. Qf3 Rf8 36. Qg4 Rbd8 37. f3 Qc6 38. Qd4 Qc2+ 39. Rd2 Qg6+ 40. Qg4 Qf6 41. Bd4 Qf7 42. Bxg7+ Qxg7 43. Qxg7+ Kxg7 44. Rxd6 Rxd6 45. Rxd6 Ra8 46. Rd3 Kf6 47. Kg3 Ke5 48. Re3+ Kf5 49. Rc3 Rg8+ 50. Kf2 Kf4 51. b5 Ra8 52. Rb3 Rc8 53. Rb4+ Ke5 54. b6 Rc2+ 55. Kg3 h5 56. b7 h4+ 57. Kxh4 Kf5 58. b8Q Rg2 59. Qf4+ Ke6 60. Rb6+ Kd7 61. Qd6+ Ke8 62. Rb8+ Kf7 63. Rf8+ Kg7 64. Qf6+ 1-0

[Event "Titled Tuesday intern op 22nd Dec"]
[White "Piesik, Piotr"]
[Black "Lovkov, Roman"]
[Site "Chess.com INT"]
[Round "10"]
[Result "1/2-1/2"]
[Date "2020.12.22"]
[WhiteElo "2400"]
[BlackElo "2419"]
[PlyCount "120"]
[EventDate "2020.12.22"]
[EventType "swiss (blitz)"]
[EventRounds "11"]
[EventCountry "USA"]
[SourceTitle "CBM 199 Extra"]
[Source "ChessBase"]
[SourceDate "2021.01.31"]
[SourceVersion "1"]
[SourceVersionDate "2021.01.31"]
[SourceQuality "1"]

1. Nf3 Nf6 2. g3 g6 3. Bg2 Bg7 4. 0-0 0-0 5. d4 d5 6. c4 dxc4 7. Na3 c3 8. bxc3 c5 9. Qb3 Nc6 10. Rd1 Na5 11. Qb2 Bf5 12. e3 Qc7 13. Bd2 Ne4 14. Be1 Nd6 15. Nd2 Rac8 16. Nb3 Nac4 17. Nxc4 Nxc4 18. Qe2 cxd4 19. cxd4 b5 20. Bb4 Rfd8 21. Rac1 Re8 22. e4 Bd7 23. f4 e6 24. e5 Bc6 25. d5 Bxd5 26. Bxd5 exd5 27. Rxd5 a5 28. Bd6 Qb7 29. Rcd1 a4 30. Nc5 Qb6 31. Qf2 f6 32. Nd7 Qxf2+ 33. Kxf2 fxe5 34. Bxe5 Nxe5 35. fxe5 Rc2+ 36. R1d2 Rxd2+ 37. Rxd2 Kf7 38. Kf3 Bxe5 39. Rd5 Bg7 40. Rxb5 Rc8 41. Nc5 a3 42. Ke4 Re8+ 43. Kd3 Re1 44. Rb7+ Kg8 45. Ra7 Bb2 46. Ne4 Ra1 47. Ng5 h6 48. Nf7 Rxa2 49. Nxh6+ Kf8 50. Ng4 Ra1 51. Ne3 Rh1 52. h4 Rg1 53. g4 Rg3 54. Ke4 Rh3 55. h5 gxh5 56. gxh5 Rxh5 57. Nc2 Rc5 58. Nxa3 Re5+ 59. Kf4 Re7 60. Rxe7 Kxe7 1/2-1/2

[Event "Titled Tuesday intern op1 3rd March"]
[White "Logozar, Elijah"]
[Black "Lovkov, Roman"]
[Site "Chess.com INT"]
[Round "7"]
[Result "0-1"]
[Date "2020.03.03"]
[WhiteElo "2036"]
[BlackElo "2419"]
[PlyCount "66"]
[EventDate "2020.03.03"]
[EventType "swiss (blitz)"]
[EventRounds "10"]
[EventCountry "USA"]
[SourceTitle "EXT 2021"]
[Source "ChessBase"]
[SourceDate "2020.10.23"]
[SourceVersion "1"]
[SourceVersionDate "2020.10.23"]
[SourceQuality "1"]

1. e4 c5 2. Nf3 e6 3. d4 cxd4 4. Nxd4 a6 5. c4 Nf6 6. Nc3 Qc7 7. a3 Nxe4 8. Nxe4 Qe5 9. Be2 Qxe4 10. 0-0 Nc6 11. Be3 Be7 12. Qd2 0-0 13. Bd3 Qh4 14. Nf3 Qh5 15. c5 Bxc5 16. Bxh7+ Qxh7 17. Bxc5 Rd8 18. Qd6 b5 19. Rfd1 Qf5 20. Rac1 Re8 21. Qc7 e5 22. Bd6 e4 23. Nd4 Nxd4 24. Rxd4 Qg5 25. Re1 Qg6 26. Be7 d5 27. Rxd5 Bf5 28. Qe5 Be6 29. Qc7 Bxd5 30. Bb4 Rac8 31. Qf4 e3 32. f3 Rc2 33. g3 Qf6 0-1

[Event "Titled Tuesday intern op1 3rd March"]
[White "Lovkov, Roman"]
[Black "Gahan, MG."]
[Site "Chess.com INT"]
[Round "8"]
[Result "0-1"]
[Date "2020.03.03"]
[WhiteElo "2419"]
[BlackElo "2229"]
[PlyCount "98"]
[EventDate "2020.03.03"]
[EventType "swiss (blitz)"]
[EventRounds "10"]
[EventCountry "USA"]
[SourceTitle "EXT 2021"]
[Source "ChessBase"]
[SourceDate "2020.10.23"]
[SourceVersion "1"]
[SourceVersionDate "2020.10.23"]
[SourceQuality "1"]

1. e4 c5 2. c3 Nf6 3. e5 Nd5 4. d4 cxd4 5. cxd4 d6 6. Nf3 e6 7. Bc4 Bd7 8. 0-0 Bc6 9. Qe2 Be7 10. exd6 Qxd6 11. Ne5 0-0 12. a3 Nd7 13. Nxc6 Qxc6 14. Bd3 N7f6 15. Qf3 Qb6 16. Rd1 Rac8 17. Nc3 Rfd8 18. Ne2 g6 19. Rb1 Nh5 20. Bd2 Qb3 21. Nc3 Qb6 22. Nxd5 Rxd5 23. Be4 Rd7 24. d5 exd5 25. Bxd5 Nf6 26. Ba2 Rcd8 27. Bc3 h5 28. h3 Qc6 29. Qe2 Qe4 30. Qxe4 Nxe4 31. Rxd7 Rxd7 32. Be1 Bf6 33. Rc1 Bxb2 34. Rc4 Nd6 35. Ra4 a6 36. Kf1 Bf6 37. g4 hxg4 38. hxg4 Kg7 39. f4 Bb2 40. Rb4 Ba1 41. Rb1 Bd4 42. Rd1 Ne4 43. Kg2 Nf6 44. Kf3 Bb6 45. Rb1 Bd8 46. Bc3 Rd3+ 47. Ke2 Rxc3 48. Kd2 Rg3 49. Bxf7 Kxf7 0-1